Dopady finančnej krízy na vývoj energetického trhu EÚ - konzekvencie pre SR

Analýza vývoja svetového hospodárstva. Vývoj svetového HDP a medzinárodného obchodu. Vývoj cien komodít (2003-2010). Hlavné príčiny vysokých cien energetických nosičov. Vplyv pohybov v cene ropy na ekonomické indikátory. Aká je pozícia Európy. Aké konzekvencie z toho pre EÚ vyplývajú. Vývoj HDP SR a...

Descrizione completa

Salvato in:
Dettagli Bibliografici
Autore principale: Baláž, Peter
Natura: Capitolo di libro
Lingua:slovacco
Soggetti:
Tags: Aggiungi Tag
Nessun Tag, puoi essere il primo ad aggiungerne!!

MARC

LEADER 00000nla$a2200000$$$4500
001 0119450
005 20240502072330.5
041 0 |a slo 
044 |a SK 
245 1 0 |a Dopady finančnej krízy na vývoj energetického trhu EÚ - konzekvencie pre SR  |c Peter Baláž 
500 |a Prezentácia 
520 |a Analýza vývoja svetového hospodárstva. Vývoj svetového HDP a medzinárodného obchodu. Vývoj cien komodít (2003-2010). Hlavné príčiny vysokých cien energetických nosičov. Vplyv pohybov v cene ropy na ekonomické indikátory. Aká je pozícia Európy. Aké konzekvencie z toho pre EÚ vyplývajú. Vývoj HDP SR a zahraničného obchodu. Konzekvencie pre slovenskú ekonomiku. 
610 2 0 |a kríza finančná 
610 2 0 |a kríza hospodárska 
610 2 0 |a trh energetický 
610 2 0 |a Európska únia 
610 2 0 |a Slovensko 
100 1 |a Baláž, Peter